Hà Nội trong sáng tác của Nguyễn Huy Tưởng /

保存先:
書誌詳細
第一著者: Nguyễn Huy Phòng.
フォーマット: 論文
言語:Vietnamese
主題:
タグ: タグ追加
タグなし, このレコードへの初めてのタグを付けませんか!
Thư viện lưu trữ: Thư viện Trường Đại học Đà Lạt
LEADER 00757nam a2200253 4500
001 DLU180183312
005 ##20180119
040 # # |a DLU  |b vie 
041 # # |a vie 
044 # # |a vn 
100 # # |a Nguyễn Huy Phòng. 
245 # # |a Hà Nội trong sáng tác của Nguyễn Huy Tưởng /  |c Nguyễn Huy Phòng. 
653 # # |a Hà Nội 
653 # # |a Nguyễn Huy Tưởng 
653 # # |a Thăng Long 
773 # # |t Tạp chí Lý luận, phê bình văn học, nghệ thuật  |g Số 21, 2014, tr. 53-58 
920 # # |a Phòng Tạp chí --Trung tâm Thông tin - Thư viện Trường Đại học Đà Lạt 
900 # # |a True 
911 # # |a Lê Thị Hồng 
925 # # |a G 
926 # # |a A 
927 # # |a BB 
980 # # |a Thư viện Trường Đại học Đà Lạt